Due cozze in riva al mare /

Le due protagoniste dalla scoglio dove sono appollaiate vedono passare ogni genere di pesci e animali marini, desiderando per un attimo essere come loro.Da un piccolo scoglio vista mare, una coppia di cozze osserva il via vai dei pesci sotto di loro: c'è chi è molto impegnato, chi davvero avventuros...

Fuld beskrivelse

Saved in:
Bibliografiske detaljer
Hovedforfatter: Scalcione, Marco (Author)
Format: Bog
Sprog:italiensk
Udgivet: Reggio Emilia : Minibombo, 2022
Serier:Giochiamo con
Tags: Tilføj Tag
Ingen Tags, Vær først til at tagge denne postø!

MARC

LEADER 00000nam a22000007i 4500
001 IT\ICCU\URB\0959706
003 ItRI
005 20260115232205.0
008 220409s2022 it |||||| ||||| |||||c
020 |a 9788898177776 
040 |b ita  |c importazione bologna sebina 
041 7 |a ita  |2 ISO-639-2 
082 |a 853.92  |9 Narrativa italiana. 2000-  |2 22 
100 1 |a Scalcione, Marco  |0 IT\ICCU\UBOV\357549  |4 aut 
240 1 0 |a Due cozze in riva al mare  |3 IT\ICCU\RE2\0004311  |9 Scalcione, Marco 
245 1 0 |a Due cozze in riva al mare /  |c Marco Scalcione. 
260 |a Reggio Emilia :  |b Minibombo,  |c 2022 
300 |a 1 volume (senza paginazione) :  |b in gran parte ill. ;  |c 27 cm 
500 |a Titolo della copertina 
520 |a Le due protagoniste dalla scoglio dove sono appollaiate vedono passare ogni genere di pesci e animali marini, desiderando per un attimo essere come loro.Da un piccolo scoglio vista mare, una coppia di cozze osserva il via vai dei pesci sotto di loro: c'è chi è molto impegnato, chi davvero avventuroso, chi decisamente affiatato e chi esplora gli abissi più remoti... E loro due, invece, che fanno? Tra interrogativi e profonde riflessioni, queste immobili spettatrici si renderanno ben presto conto che, in fondo, anche essere una cozza non è poi così male! Età di lettura: da 3 anni. 
830 0 |a Giochiamo con  |0 IT\ICCU\MOD\1616020 
942 |2 ddc  |c BK  |n 0 
952 |0 0  |1 0  |4 0  |6 R_853_920000000000000_SCA  |7 0  |9 21668  |a BO  |b BO  |d 2026-01-15  |i 19763  |l 0  |o R 853.92 SCA  |p BO19763  |r 2026-01-15 23:22:05  |w 2026-01-15  |x [Sebina 5] [1 v.]  |y BK  |z 1 v. 
999 |c 18506  |d 18506